000
00251nam a2200109Ia 4500
008
240625s9999 xx 000 0 und d
041
_a
eng
082
_a
302.35 ROB
100
_a
ROBBINS STEPHEN P
245
_a
ORGANIZATIONAL BEHAVIOR
260
_c
2017
999
_c
38837
_d
38837